Southville International School and Colleges
Your cart is empty.
  • Cart
  • Lists
    Public lists Eva Luna New books Lux_list list_1
    Your lists Log in to create your own lists
  • Log in to your account
  • Your cookies
  • Search history
Southville International School and Colleges
  • Advanced search
  • Recent comments
  • Most popular
  • Libraries

Log in to your account

Log in with GOOGLE


If you do not have an external account, but do have a local account, you can still log in:

  1. Home
  2. MARC view: Contemporary labor economics /
Normal view MARC view ISBD view

Contemporary labor economics / (Record no. 23366)

[ view plain ]
MARC details
000 -LEADER
fixed length control field 00668nam a2200241 a 4500
005 - DATE AND TIME OF LATEST TRANSACTION
control field 20140310183450.0
008 - FIXED-LENGTH DATA ELEMENTS--GENERAL INFORMATION
fixed length control field 090116s19uu xx 00 eng d
020 ## - INTERNATIONAL STANDARD BOOK NUMBER
International Standard Book Number 9780071283199
050 ## - LIBRARY OF CONGRESS CALL NUMBER
Classification number HD 4901
Item number .M15 2009
100 ## - MAIN ENTRY--PERSONAL NAME
Personal name McConnell, Campbell R.
245 ## - TITLE STATEMENT
Title Contemporary labor economics /
Statement of responsibility, etc Campbell R. McConnell
250 ## - EDITION STATEMENT
Edition statement 8th ed.
260 ## - PUBLICATION, DISTRIBUTION, ETC. (IMPRINT)
Place of publication, distribution, etc Boston :
Name of publisher, distributor, etc McGraw-Hill Higher Education,
Date of publication, distribution, etc 2009.
300 ## - PHYSICAL DESCRIPTION
Extent 625 p. :
Other physical details col. ill. ;
Dimensions 25 cm.
521 ## - TARGET AUDIENCE NOTE
Target audience note
650 ## - SUBJECT ADDED ENTRY--TOPICAL TERM
Topical term or geographic name as entry element BSBA.
650 ## - SUBJECT ADDED ENTRY--TOPICAL TERM
Topical term or geographic name as entry element Labor economics.
650 ## - SUBJECT ADDED ENTRY--TOPICAL TERM
Topical term or geographic name as entry element Economics.
700 ## - ADDED ENTRY--PERSONAL NAME
Personal name Brue, Staley L.
700 ## - ADDED ENTRY--PERSONAL NAME
Personal name Macpherson, David A.
942 ## - ADDED ENTRY ELEMENTS (KOHA)
Koha item type Books
Source of classification or shelving scheme Library of Congress Classification
Call number prefix Foreign
Holdings
Withdrawn status Lost status Source of classification or shelving scheme Damaged status Home library Current library Shelving location Date acquired Source of acquisition Total Checkouts Full call number Barcode Date last seen Copy number Price effective from Koha item type
    Library of Congress Classification   College Library College Library General Circulation Section 01/16/2009 Donation   HD 4901 .M15 2009 C10040 05/15/2018 1 10/18/2013 Books

Contemporary labor economics /

APA

McConnell C. R., Brue S. L. & Macpherson D. A. (2009). Contemporary labor economics. Boston: McGraw-Hill Higher Education.

Chicago

McConnell Campbell R, Brue Staley L and Macpherson David A. 2009. Contemporary labor economics. Boston: McGraw-Hill Higher Education.

Harvard

McConnell C. R., Brue S. L. and Macpherson D. A. (2009). Contemporary labor economics. Boston: McGraw-Hill Higher Education.

MLA

McConnell Campbell R, Brue Staley L and Macpherson David A. Contemporary labor economics. Boston: McGraw-Hill Higher Education. 2009.

  • Place hold
  • Print
  • Cite
  • Add to your cart (remove)
  • Save record
    BIBTEX Dublin Core MARCXML MARC (non-Unicode/MARC-8) MARC (Unicode/UTF-8) MARC (Unicode/UTF-8, Standard) MODS (XML) RIS
  • More searches
    Search for this title in:
    Other Libraries (WorldCat) Other Databases (Google Scholar) Online Stores (Bookfinder.com) Open Library (openlibrary.org)

Exporting to Dublin Core...

SOUTHVILLE LIBRARY

Southville International School and Colleges Library

1281 Tropical Ave. Cor. Luxembourg St., BF Homes International, Las Pinas City

Tel. No. 8256374 / 252358 Loc. 117/146

Powered by Koha